Solo Artist By First Released Album - Statistics

General Stats
  • This quiz has been taken 19 times
  • The average score is 5 of 12
Answer Stats
Hint Answer % Correct
The Slim Shady LP (1999) Eminem
89%
Jagged Little Pill (1995) Alanis Morissette
79%
Ben (1972) Michael Jackson
63%
Dangerously in Love (2003) Beyonce
47%
She's So Unusual (1984) Cyndi Lauper
37%
Face Value (1981) Phil Collins
37%
My World (2009) Justin Bieber
26%
Music of the Sun (2005) Rihanna
26%
House of Balloons (2011) The Weeknd
21%
Empty Sky (1969) Elton John
16%
Cold Spring Harbor (1971) Billy Joel
5%
For You (1978) Prince
5%
No matching quizzes found
Score Distribution
Percent of People with Each Score
Percentile by Number Answered
Your Score History
You have not taken this quiz